Naše básne pod Eiffelovkou

Bibliographic Details
Main Author: (duke) (Author)
Format: Article
Language:Slovak
Subjects:

MARC

LEADER 00000nab a2200000 a 4500
001 vtls000270659
003 SK-MaSNL
005 20260303232244.0
008 160202c1987 xo 0 slo
015 |a SNBRB19rr/mm-uuuuu 
035 |a CL0280773 
040 |a SNKBUCL  |b slo  |c SNKBUCL  |e AACR2 
041 0 |a slo 
044 |a xo  |c SK 
080 |a 82.035:885.4+885.0  |2 1981 
080 |a 885.4  |2 1981 
080 |a 885.0  |2 1981 
080 |a 885.4.035  |2 1981 
080 |a 885.0.035  |2 1981 
100 1 |a (duke)  |4 aut  |9 945577 
245 1 0 |a Naše básne pod Eiffelovkou  |c (duke) 
650 0 7 |a slovenská poézia  |2 snkbucl  |9 215422 
650 0 7 |a poézia česká  |2 snkbucl  |9 291801 
650 0 7 |a literárny preklad  |2 snkbucl  |9 28595 
655 7 |a články z novín a časopisov  |2 snkbucl  |9 267496 
655 7 |a články z odboru literárna veda a krásna literatúra  |2 snkbucl  |9 770045 
773 0 |t Večerník  |g Roč. 32, č. 23 (3. 2. 1987), s. /5/ 
850 |a Slovenská národná knižnica v Martine  |a MTA001 
852 |a SNK  |b KIS3GCP 
958 |a RK 
958 |a CZ 
958 |a LX 
992 |a RBX 
999 |c 2270943  |d 2272873